Sustainable Place Marketing and Tourism: Aspects of Public Management in the Light of the First Wave of Covid-19
Všeobecné teoretické aspekty teritoriálneho marketingu a cestovného ruchu v kontexte udržateľnosti. Rozvoj moderného cestovného ruchu a pandémia COVID-19. Opatrenia prijaté ústrednými orgánmi štátnej správy v súvislosti s pandémiou COVID-19 a ich dosah na cestovný ruch. Zraniteľnosť odvetvia cestovn...
Salvato in:
| Autore principale: | |
|---|---|
| Natura: | Capitolo di libro |
| Lingua: | inglese |
| Soggetti: | |
| Tags: |
Nessun Tag, puoi essere il primo ad aggiungerne!!
|
MARC
| LEADER | 00000naa a2200000 4500 | ||
|---|---|---|---|
| 001 | 0278829 | ||
| 005 | 20240425123106.6 | ||
| 041 | 0 | |a eng | |
| 044 | |a SK | ||
| 245 | 1 | 0 | |a Sustainable Place Marketing and Tourism: Aspects of Public Management in the Light of the First Wave of Covid-19 |c Sándor Weninger |
| 520 | |a Všeobecné teoretické aspekty teritoriálneho marketingu a cestovného ruchu v kontexte udržateľnosti. Rozvoj moderného cestovného ruchu a pandémia COVID-19. Opatrenia prijaté ústrednými orgánmi štátnej správy v súvislosti s pandémiou COVID-19 a ich dosah na cestovný ruch. Zraniteľnosť odvetvia cestovného ruchu, zvýšené bezpečnostné riziká a neudržateľnosť súčasného globálneho systému. Vplyv pandémie COVID-19 na cestovný ruch v Maďarsku. | ||
| 610 | 2 | 0 | |a marketing územia |
| 610 | 2 | 0 | |a turistika |
| 610 | 2 | 0 | |a ruch cestovný |
| 610 | 2 | 0 | |a ruch cestovný udržateľný |
| 610 | 2 | 0 | |a Maďarsko |
| 610 | 2 | 0 | |a bezpečnosť |
| 610 | 2 | 0 | |a koronavírus |
| 100 | 1 | |a Weninger, Sándor | |